000 00364nam a22001457a 4500
005 20240708135217.0
008 240708b |||||||| |||| 00| 0 eng d
020 _a81-89-606-06-9
041 _aeng
100 _aSONI, SURESH
_98450
245 _aHAMARI SANSKRITI VICHARDHARA KE MOOLSHROT
260 _aLUCKNOW
_bLOKHIT PRAKASHAN
300 _a144; P
942 _cBK
999 _c8578
_d8576